| 000 | 00382pam a2200145 a 4500 | ||
|---|---|---|---|
| 020 |
_a8122400965 _c |
||
| 041 | _aeng | ||
| 082 |
_a621.3811 _bFRO/ORT |
||
| 100 | _aFrohr. | ||
| 245 |
_aIntroduction to Electronic Control Engineering _hDonate Books |
||
| 260 |
_aNew Delhi _bWiley India Pvt. Ltd., _c1992 |
||
| 300 |
_a338: _bp.b.; _c22*14. |
||
| 700 | _aOrteenburger. | ||
| 930 | _a15655 | ||
| 999 |
_c58876 _d58876 |
||